000 00279nam a2200121 i 4500
001 bg
245 0 _aPodstawy nauk politycznych /
_cpod red. K. Bajana.
260 _aWarszawa,
_c1976.
040 _cBPK
041 _apol
942 _cKS
008 s pl f |000 0 pol
999 _c1110
_d1110
856 _uhttp://koha.tu.koszalin.pl/cgi-bin/koha/opac-detail.pl?biblionumber=1110
_yKatalog online BPK